La DST dans la guerre d’Algérie : le service de contre-espionnage entre anticipation, coopération et engagement total (notice n° 1883954)

détails MARC
000 -LEADER
fixed length control field 02205cam a2200169 4500500
005 - DATE AND TIME OF LATEST TRANSACTION
control field 20260329013839.0
041 ## - LANGUAGE CODE
Language code of text/sound track or separate title fre
042 ## - AUTHENTICATION CODE
Authentication code dc
100 10 - MAIN ENTRY--PERSONAL NAME
Personal name Brun, Olivier
Relator term author
245 00 - TITLE STATEMENT
Title La DST dans la guerre d’Algérie : le service de contre-espionnage entre anticipation, coopération et engagement total
260 ## - PUBLICATION, DISTRIBUTION, ETC.
Date of publication, distribution, etc. 2026.<br/>
500 ## - GENERAL NOTE
General note 54
520 ## - SUMMARY, ETC.
Summary, etc. Alors que l’hostilité en ligne à l’égard des élu·es suscite une inquiétude croissante, notre compréhension empirique de sa nature et de son ampleur demeure limitée. Cette étude analyse la violence en ligne visant les député·es français·es sur Twitter (X), à partir de 4,5 millions de tweets adressés entre 2022 et 2023. Trois modèles de classification conçus spécifiquement à cet effet distinguent attaques personnelles, critiques politiques et messages de soutien. Les résultats montrent que si la majorité subit peu d’attaques personnelles, un petit groupe très visible concentre une hostilité intense. La visibilité en ligne et certaines affiliations partisanes en sont les principaux déterminants, tandis que le genre influe surtout sur la forme des attaques.
520 ## - SUMMARY, ETC.
Summary, etc. While increasing online hostility towards elected officials has become a growing cause for public concern, our empirical understanding of the nature and scale of the phenomenon remains incomplete. This study analyzes online violence against French Members of Parliament (MPs) on Twitter (X), based on 4.5 million tweets targeting MPs between 2022 and 2023. Three bespoke classification models distinguish personal attacks, political criticism, and supportive messages. The results show that while personal attacks remain relatively rare for most MPs, a small, highly visible group of MPs become frequent targets of intense hostility. Online visibility and certain partisan affiliations are the main predictors of a more negative online experience overall, while gender mainly influences the content of attacks.
786 0# - DATA SOURCE ENTRY
Note Revue Historique des Armées | 320 | 1 | 2026-03-02 | p. 45-58 | 0035-3299
856 41 - ELECTRONIC LOCATION AND ACCESS
Uniform Resource Identifier <a href="https://shs.cairn.info/revue-revue-historique-des-armees-2026-1-page-45?lang=fr&redirect-ssocas=7080">https://shs.cairn.info/revue-revue-historique-des-armees-2026-1-page-45?lang=fr&redirect-ssocas=7080</a>

Pas d'exemplaire disponible.

PLUDOC

PLUDOC est la plateforme unique et centralisée de gestion des bibliothèques physiques et numériques de Guinée administré par le CEDUST. Elle est la plus grande base de données de ressources documentaires pour les Étudiants, Enseignants chercheurs et Chercheurs de Guinée.

Adresse

627 919 101/664 919 101

25 boulevard du commerce
Kaloum, Conakry, Guinée

Réseaux sociaux

Powered by Netsen Group @ 2025